| 000 | 00955nam a22002417a 4500 | ||
|---|---|---|---|
| 999 |
_c1296 _d1296 |
||
| 003 | AR-CdUCM | ||
| 008 | 190226b ||||| |||| 00| 0 spa d | ||
| 040 |
_aMUNICIPALIDAD PROVINCIAL DEL CUSCO _cBIBLIOTECA MUNICIPAL DEL CUSCO |
||
| 041 | _hfre | ||
| 082 |
_a308 / _bD78 |
||
| 100 |
_aDion, León _95000 |
||
| 245 | _aLos grupos y el poder político en los Estados Unidos / | ||
| 260 |
_aMéxico, D.F : _bGrijalbo, _c1967. |
||
| 300 |
_a158 páginas ; _c18 cm. |
||
| 440 |
_acolección. _n70 _n4. _95001 |
||
| 505 | _aContenido: Grupos y procesos electorales -- Grupos y partidos políticos -- Grupos y elecciones -- Grupos y centros de decisiones políticas -- La acción de los grupos sobre los legisladores -- Los grupos y el cabildeo. | ||
| 650 |
_aGrupos de presión _95002 |
||
| 650 |
_aEstados Unidos _91805 |
||
| 650 |
_aPoder (Ciencias sociales) _95003 |
||
| 700 |
_aDomenech, Ana (traducción) _95004 |
||
| 942 |
_2ddc _cLIBROS |
||
| 945 | _aachl | ||